Niet kapot te krijgen : een humoristische en informatieve cultuurgeschiedenisvan het condoom /

সংরক্ষণ করুন:
গ্রন্থ-পঞ্জীর বিবরন
প্রধান লেখক: Parisot, Jeannette (লেখক)
বিন্যাস: গ্রন্থ
ভাষা:ওলন্দাজ
প্রকাশিত: Utrecht : Bruna, cop. 1990
ট্যাগগুলো: ট্যাগ যুক্ত করুন
কোনো ট্যাগ নেই, প্রথমজন হিসাবে ট্যাগ করুন!

MARC

LEADER 00000nam a22000007i 4500
001 IT\ICCU\UBO\3642002
003 ItRI
005 20260115231958.0
008 090528s1990 ne |||||| ||||| |||||c
020 |a 9022979261 
040 |b ita  |c importazione bologna sebina 
041 7 |a dut  |2 ISO-639-2 
100 1 |a Parisot, Jeannette  |0 IT\ICCU\UBOV\339753  |4 aut 
240 1 0 |a Dein kondom, das unbekannte wesen.  |3 IT\ICCU\UBO\3642004 
245 1 0 |a Niet kapot te krijgen :  |b een humoristische en informatieve cultuurgeschiedenisvan het condoom /  |c Jeannette Parisot. 
260 |a Utrecht :  |b Bruna,  |c cop. 1990 
300 |a 140 p. :ill. ;  |c 18 cm. 
942 |2 ddc  |c BK  |n 0 
952 |0 0  |1 0  |4 0  |6 DOC_613_950000000000000_PAR  |7 0  |9 18371  |a BO  |b BO  |d 2026-01-15  |i 3051  |l 0  |o DOC 613.95 PAR  |p BO3051  |r 2026-01-15 23:19:58  |w 2026-01-15  |x [Sebina 5] [1 v.]  |y BK  |z 1 v. 
999 |c 15547  |d 15547